'पथहारा' की खोज में: (Record no. 213620)

MARC details
000 -LEADER
fixed length control field 01020nam a22002057a 4500
005 - DATE AND TIME OF LATEST TRANSACTION
control field 20251008143006.0
010 ## - LCCN (DPL NO)
LC control number HIN-130488
020 ## - INTERNATIONAL STANDARD BOOK NUMBER
International Standard Book Number 9789387932395
035 ## - SYSTEM CONTROL NUMBER
System control number HN-102834
037 ## - SOURCE OF ACQUISITION
Source of stock number/acquisition DBAD
Stock number 1
082 ## - DEWEY DECIMAL CLASSIFICATION NUMBER
Classification number 821
Edition number प्रथम
Item number 1
100 ## - MAIN ENTRY--PERSONAL NAME
Personal name पाण्डेय सुनीता
245 ## - TITLE STATEMENT
Title 'पथहारा' की खोज में:
Statement of responsibility, etc सुनीता पाण्डेय और स्वामीनाथ पाण्डेय,
Medium हिंदी
Remainder of title समीक्षा :पथहारा/
250 ## - EDITION STATEMENT
Edition statement प्रथम
260 ## - PUBLICATION, DISTRIBUTION, ETC. (IMPRINT)
Place of publication, distribution, etc दिल्ली
Name of publisher, distributor, etc रचनाकार पब्लिशिंग हाउस
Date of publication, distribution, etc 2020
270 ## - ADDRESS
Address डी-18, गली नंबर-9,जगतपुरी विस्तार
City शाहदरा
Postal code 110093
Telephone number 9910143493
300 ## - PHYSICAL DESCRIPTION
Extent 143 पृ.
Dimensions 22 सेमी (सजिल्द )
700 ## - ADDED ENTRY--PERSONAL NAME
Personal name पाण्डेय स्वामीनाथ
9 (RLIN) 85437
942 ## - ADDED ENTRY ELEMENTS (KOHA)
Source of classification or shelving scheme Dewey Decimal Classification
Item type Hindi Books
Classification part 821
Call number suffix पाण्डेय
Holdings
Withdrawn status Lost status Not for loan Home library Current library Date acquired Source of acquisition Cost, normal purchase price Full call number Barcode Copy number Cost, replacement price Koha item type
    Not For Loan D.B.Act.Division D.B.Act.Division 08/10/2025 Delivery of Books Act Division 200.00 821 पाण्डेय HN-102834 1 200.00 Hindi Books

© Delhi Public Library
Hit Counter
free hit counter